000 00784nam a2200217 a 4500
001 000029975
005 20200930055944.0
008 110428s1960 mx 000 0 spa d
040 _aDO-SdBNP
_bspa
_cBNPHU
082 _a133
_bU54v
245 0 0 _aUna ventana al mundo invisible /
_cprólogo Gutierre Tibón, Alberto Algazi.
260 _aMexíco, DF. :
_bEdiciones Antorcha,
_c1960.
300 _a353 p ;
_c27 cm.
500 _aIncluye referencias bibliograficas y notas al pie de páginas
500 _aA la cabeza del título: Protocolos del IMIS
650 4 _aParapsicología
_92394
650 4 _aEspiritualismo
_xEstudio de casos
_956704
700 1 2 _aTibón, Gutierre,
_epról.
_956705
700 1 2 _aAlgazi, Alberto,
_epról.
_956706
910 _aValidado. Control de calidad MFF
999 _c29467
_d29467